MARC details
| 001 - CONTROL NUMBER |
| control field |
18007538 |
| 003 - CONTROL NUMBER IDENTIFIER |
| control field |
0000 |
| 005 - DATE AND TIME OF LATEST TRANSACTION |
| control field |
20251016141552.0 |
| 008 - FIXED-LENGTH DATA ELEMENTS--GENERAL INFORMATION |
| fixed length control field |
140109s2014 flua b 001 0 eng |
| 010 ## - LIBRARY OF CONGRESS CONTROL NUMBER |
| LC control number |
2014000703 |
| 020 ## - INTERNATIONAL STANDARD BOOK NUMBER |
| International Standard Book Number |
9781032383514 |
| 035 ## - SYSTEM CONTROL NUMBER |
| System control number |
18007538 |
| 035 ## - SYSTEM CONTROL NUMBER |
| System control number |
(DNLM)101623436 |
| 040 ## - CATALOGING SOURCE |
| Original cataloging agency |
DNLM/DLC |
| Transcribing agency |
DLC |
| Description conventions |
rda |
| Modifying agency |
DLC |
| 042 ## - AUTHENTICATION CODE |
| Authentication code |
pcc |
| 050 00 - LIBRARY OF CONGRESS CALL NUMBER |
| Classification number |
RB 150. |
| Item number |
D5925 2014 |
| 060 10 - NATIONAL LIBRARY OF MEDICINE CALL NUMBER |
| Classification number |
WL 340 |
| 082 00 - DEWEY DECIMAL CLASSIFICATION NUMBER |
| Classification number |
616.8/41 |
| Edition number |
23 |
| 100 ## - MAIN ENTRY--PERSONAL NAME |
| Relator code |
Kanegaonkar, Rahul G |
| 245 00 - TITLE STATEMENT |
| Title |
Dizziness and vertigo : |
| Remainder of title |
an introduction and practical guide / |
| Statement of responsibility, etc |
edited by Rahul Kanegaonkar, Consultant on Otolaryngology, Medway Maritime Hospital, Kent, UK, Honorary Senior Lecturer in Otorhinolaryngology, Anglia Ruskin University, Chelmsford, UK, James Tysome, Consultant in Otolaryngology and skull base surgery, Addenbrooke's Hospital, Cambridge, UK. |
| 264 #1 - PUBLICATION, DISTRIBUTION, ETC. (IMPRINT) |
| Place of publication, distribution, etc |
Boca Raton : |
| Name of publisher, distributor, etc |
CRC Press, Taylor & Francis Group, |
| Date of publication, distribution, etc |
2014. |
| 300 ## - PHYSICAL DESCRIPTION |
| Extent |
xiii, 172 Pages |
| Other physical details |
col. ill. ; |
| Dimensions |
25 cm. |
| 336 ## - CONTENT TYPE |
| Content type term |
text |
| Source |
rdacontent |
| 337 ## - MEDIA TYPE |
| Media type term |
unmediated |
| Source |
rdamedia |
| 338 ## - CARRIER TYPE |
| Carrier type term |
volume |
| Source |
rdacarrier |
| 500 ## - GENERAL NOTE |
| General note |
Includes bibliographical references and index. |
| 504 ## - BIBLIOGRAPHY, ETC. NOTE |
| Bibliography, etc |
Includes bibliographical references and index. |
| 505 0# - FORMATTED CONTENTS NOTE |
| Formatted contents note |
General Introduction / James Tysome and Rahul Kanegaonkar -- Anatomy and physiology of the peripheral vestibular system / Rahul Kanegaonkar -- Clinical assessment of vertigo / Mudit Jindal and Aanand Acharya -- Imaging in dizziness and vertigo / Neshe Sriskandan and Steve Connor -- Special investigations used in the assessment of the dizzy patient / Presanna Premachandra -- Differential diagnosis / Rahul Kanegaonkar -- Benign paroxysmal positional vertigo / Nitesh Patel -- Acute peripheral vestibular loss / Ambrose Lee -- Vestibular migraine / Nitesh Patel -- Multilevel vestibulopathy / Mudit Jindal -- Cholesteatoma / Atilla Dezso -- Mňir̈e's disease / Neil Donnelly -- Superior semicircular canal dehiscence / James Rainsbury and Richard Irving -- Vestibular schwannoma / James Tysome -- Perilymph fistula / Richard Gurgel -- Central pathology causing dizziness / C. Eduardo Corrales -- Systemic conditions affecting balance / Stephen Broomfield -- Vestibular rehabilitation : principles and practice / Rachel Ritchie -- Psychological aspects of dizziness / Raj Attavar and Amalsha Vithanaarachichi. |
| 520 ## - SUMMARY, ETC. |
| Summary, etc |
"Vertigo and Dizziness: An Introduction and Practical Guide describes the basic knowledge and practical skills necessary for managing patients presenting with the common symptoms of dizziness and vertigo. It provides practitioners with a comprehensive overview of these conditions, steps for diagnosing patients, and various treatment options. Features: Discusses clinical assessment of the dizzy patient, diagnosis and management of the condition, surgical options, and psychological complications of vertigo and dizziness. Explores a host of conditions, including benign paroxysmal positional vertigo, Meniere's disease, hyperventilation syndrome, and superior semicircular canal dehiscence Includes case studies to supplement the text. The book is an essential reference for all those who manage patients in the outpatient and general practice setting"--Provided by publisher. |
| 650 12 - SUBJECT ADDED ENTRY--TOPICAL TERM |
| Topical term or geographic name as entry element |
Dizziness. |
| 650 22 - SUBJECT ADDED ENTRY--TOPICAL TERM |
| Topical term or geographic name as entry element |
Vertigo. |
| 700 1# - ADDED ENTRY--PERSONAL NAME |
| Personal name |
Kanegaonkar, Rahul Govind, |
| Relator term |
editor of compilation. |
| 700 1# - ADDED ENTRY--PERSONAL NAME |
| Personal name |
Tysome, James Russell, |
| Relator term |
editor of compilation. |
| 906 ## - LOCAL DATA ELEMENT F, LDF (RLIN) |
| a |
7 |
| b |
cbc |
| c |
orignew |
| d |
1 |
| e |
ecip |
| f |
20 |
| g |
y-gencatlg |
| 942 ## - ADDED ENTRY ELEMENTS (KOHA) |
| Source of classification or shelving scheme |
Library of Congress Classification |
| Koha item type |
Books |